00541nam a2200205Ia 4500003000900000008004100009040001300050040001300063041000800076100002100084245003200105250001100137260001200148260000900160300001100169300001000180490001000190490000600200600012900206IT-RoPAU120407s9999 xx 000 0 und d aIT-RoPAU cIT-RoPAU aita aMartin Heidegger aChe cosa significa pensare? aMilano aSugarco c1978 a144 p. c19 cm aTasco v2 a"1° Chi è lo Zarathustra di Nietzsche p.144 2° Qual ‘è l’essenza nascosta della tecnica moderna p.157"